000
00262nam a22001217a 4500
008
170406b xxu||||| |||| 00| 0 eng d
041
_a
eng
080
_a
575
100
_a
9
101
_a
SHM
245
_a
ADVANCES IN NEUROIMUNOLOGY
_c
RAINE.G.S
942
_2
udc
_c
BK
999
_c
9976
_d
9976